000 01035nam a22003730a 4500
001 PT20126
003 AR-LpoUNG
005 20210131232911.0
008 191001s1996||||ag |||||||||||||||||spa d
020 _a9502306309
_c$113.33
040 _aAR-LpoUNG
_bspa
_cAR-LpoUNG
_eaacr
041 _aspa
044 _aag
082 0 _a982.063 286pol
100 1 _aFayt, Carlos S.
245 1 3 _aEl político armado :
_bdinámica del proceso político argentino
250 _a1§ edición
260 _aBuenos Aires :
_bEUDEBA,
_cnoviembre 1996.
300 _a243 p. :
_btbls.
520 _aEstudia la dinámica política de la decada del ï60 - ï70.
650 4 _aANALISIS HISTORICO
650 4 _aARGENTINA
650 4 _aCOMPORTAMIENTO POLITICO
650 4 _aCONFLICTOS POLITICOS
650 4 _aCRISIS POLITICA
650 4 _aDICTADURA
650 4 _aGOBIERNO MILITAR
650 4 _aHISTORIA
650 4 _aHISTORIA POLITICA
650 4 _aPARTIDOS POLITICOS
651 4 _aArgentina
905 _a20126
942 _cLIB
999 _c18091
_d18091